Japanese patterns / (Record no. 352697)
[ view plain ]
| 000 -LEADER | |
|---|---|
| fixed length control field | 01631 a2200253 4500 |
| 003 - CONTROL NUMBER IDENTIFIER | |
| control field | OSt |
| 005 - DATE AND TIME OF LATEST TRANSACTION | |
| control field | 20180116192342.0 |
| 008 - FIXED-LENGTH DATA ELEMENTS--GENERAL INFORMATION | |
| fixed length control field | 120529t xxu||||| |||| 00| 0 eng d |
| 020 ## - INTERNATIONAL STANDARD BOOK NUMBER | |
| International Standard Book Number | 9789057680205 (paperback) |
| 020 ## - INTERNATIONAL STANDARD BOOK NUMBER | |
| International Standard Book Number | 9789057680205 (paperback) |
| 040 ## - CATALOGING SOURCE | |
| Transcribing agency | 0 |
| 082 04 - DEWEY DECIMAL CLASSIFICATION NUMBER | |
| Classification number | 769.952 |
| 100 0# - MAIN ENTRY--PERSONAL NAME | |
| Personal name | Press, Pepin. |
| 9 (RLIN) | 2497 |
| 245 10 - TITLE STATEMENT | |
| Title | Japanese patterns / |
| Statement of responsibility, etc. | Pepin Press. |
| 260 ## - PUBLICATION, DISTRIBUTION, ETC. | |
| Place of publication, distribution, etc. | Amsterdam: |
| Name of publisher, distributor, etc. | Pepin Press, |
| Date of publication, distribution, etc. | 2005. |
| 300 ## - PHYSICAL DESCRIPTION | |
| Extent | 168 p. : |
| Other physical details | ill. ; |
| Dimensions | 22 cm. |
| 490 1# - SERIES STATEMENT | |
| Series statement | Agile rabbit editions. |
| 520 ## - SUMMARY, ETC. | |
| Summary, etc. | Japan?s ornamental tradition is famous for its subdued and highly stylised motifs. Many of these take their inspiration from the natural world, with typical favourites such as the crane and the carp, as well as an enormous variety of flowers and foliage. All the illustrations are stored in high-resolution format on the enclosed free CD-ROM and are ready to use for professional quality printed media and web page design. The pictures can also be used to produce postcards, or to decorate your letters, flyers, etc. They can be imported directly from the CD into most design, image- manipulation, illustration, word-processing and e-mail programs; no installation is required. For most applications, single images can be used free of charge. Please consult the introduction to this book, or visit our website for conditions. |
| 650 10 - SUBJECT ADDED ENTRY--TOPICAL TERM | |
| Topical term or geographic name entry element | Graphic arts |
| Geographic subdivision | Japan |
| 9 (RLIN) | 2498 |
| 830 #0 - SERIES ADDED ENTRY--UNIFORM TITLE | |
| Uniform title | Agile rabbit editions. |
| 9 (RLIN) | 2499 |
| 856 40 - ELECTRONIC LOCATION AND ACCESS | |
| Materials specified | Amazon.com |
| Uniform Resource Identifier | <a href="http://www.amazon.com/exec/obidos/ASIN/9057680203/chopaconline-20">http://www.amazon.com/exec/obidos/ASIN/9057680203/chopaconline-20</a> |
| 942 ## - ADDED ENTRY ELEMENTS (KOHA) | |
| Institution code [OBSOLETE] | SADA |
| Koha item type | Book |
| Call number prefix | 769.952 PRE 2005 |
| Source of classification or shelving scheme | |
| Withdrawn status | Lost status | Source of classification or shelving scheme | Damaged status | Not for loan | Permanent Location | Current Location | Date acquired | Total Checkouts | Total Renewals | Full call number | Barcode | Date last seen | Date last checked out | Cost, replacement price | Price effective from | Koha item type | Copy number |
|---|---|---|---|---|---|---|---|---|---|---|---|---|---|---|---|---|---|
| School of Art Design and Architecture (SADA) | School of Art Design and Architecture (SADA) | 04/08/2011 | 2 | 2 | 769.952 PRE 2005 | SADA0000743 | 02/01/2016 | 01/06/2016 | 1777.00 | 08/05/2011 | Book | ||||||
| School of Art Design and Architecture (SADA) | School of Art Design and Architecture (SADA) | 09/20/2011 | CD 769.952 PRE 2005 | SADA0001588 | 09/21/2011 | 09/21/2011 | 01 | ||||||||||
| School of Art Design and Architecture (SADA) | School of Art Design and Architecture (SADA) | 09/20/2011 | CD 769.952 PRE 2005 | SADA0001589 | 01/05/2017 | 01/05/2017 | 02 |
